000 nam a22 a 4500
999 _c455992
_d455992
003 BLK
005 20220517103122.0
008 220517b bu |||||r|||| 00| | bu d
040 _aBLK
041 _aBUL
_cBUL
080 _aСки спорт. Скиорство
_b796.92
_x(02)
_z796.92(02)
100 1 _aДражев, Димитър В.
_eпърви автор
_9343527
139 _aДражев, Димитър В.
_bД 86
245 1 0 _aСки
_bРъководство за обществения инструктор
_cДимитър В. Дражев.
257 _aBGR
260 _aСофия
_bМедицина и физкултура
_c1965
300 _a99 с.
_bс ил.
380 _a79
650 0 _aСки (спорт) - наръчници и ръководства
_9242431
852 _aЦб 34094
942 _cKNG
_n0
_s1
944 _aCR
_c2022-05-17
_kВК